IMEA 2010 <the> 10th international conference of postgraduate students and young scientists in informatics, management economics and administration : conference proceedings : Seč, Chrudim 26th-27th april, 2010
Uložené v:
| Korporácia: | , |
|---|---|
| Ďalší autori: | |
| Médium: | Kniha |
| Jazyk: | Czech English Slovak |
| Vydavateľské údaje: |
Pardubice
Univerzita Pardubice
2010
|
| Predmet: | |
| Tagy: |
Žiadne tagy, Buďte prvý, kto otaguje tento záznam!
|
MARC
| LEADER | 00000nlm$a2200000$$$4500 | ||
|---|---|---|---|
| 001 | 0115840 | ||
| 005 | 20250929092025.1 | ||
| 020 | |a 978-80-7395-254-9 | ||
| 041 | 0 | |a cze | |
| 041 | 0 | |a eng | |
| 041 | 0 | |a slo | |
| 044 | |a CZ | ||
| 245 | 1 | 0 | |a IMEA 2010 |b <the> 10th international conference of postgraduate students and young scientists in informatics, management economics and administration : conference proceedings : Seč, Chrudim 26th-27th april, 2010 |c editor Filip Gyenes |
| 264 | 1 | |a Pardubice |b Univerzita Pardubice |c 2010 | |
| 300 | |a CD-ROM | ||
| 610 | 2 | 0 | |a informatika |
| 610 | 2 | 0 | |a manažment |
| 610 | 2 | 0 | |a ekonómia |
| 610 | 2 | 0 | |a administratíva |
| 700 | 1 | |a Gyenes, Filip | |
| 110 | 2 | |a IMEA 2010. International Conference | |
| 710 | 2 | |a Univerzita Pardubice. Fakulta ekonomicko-správní | |